Armenia Immigration by Country - Statistics

General Stats
  • This quiz has been taken 182 times
  • The average score is 15 of 20
Answer Stats
# People Country of Origin % Correct
23,306 Russia
99%
43,242 Georgia
96%
819 Turkey
96%
9,437 Iran
95%
20,334 Syria
91%
199 United States
91%
3,766 Ukraine
89%
678 Iraq
88%
80,310 Azerbaijan
86%
1,296 Lebanon
81%
220 France
79%
967 Germany
78%
1,206 Kazakhstan
76%
1,561 Greece
74%
1,508 Uzbekistan
69%
465 Belarus
67%
1,238 Turkmenistan
64%
205 Afghanistan
48%
305 Pakistan
44%
265 Kyrgyzstan
12%
No matching quizzes found
Score Distribution
Percent of People with Each Score
Percentile by Number Answered
Your Score History
You have not taken this quiz